000 00652nam a2200193 4500
008 151014b xxu||||| |||| 00| 0 eng d
020 _a076742946X
050 _aGV 481.F26 2002
100 _aFahey, Thomas D.
_d2002
245 _aFit & well: Core concepts and labs in physical fitness and wellness/
_cThomas D.Fahey, Paul M. Insel and Walton T. Roth.-
250 _a5th ed.:
260 _aBoston;
_bMcGrawHill,
_c2002.
300 _axx, 410(45) p. : ill.
_bIncludes index.
650 _aHealth.
650 _aPhysical fitness.
700 _a Insel, Paul M.
700 _a Roth, Walton T.
942 _2lcc
_cBOOKS
_hGV 481.F26 2002
999 _c8822
_d8822